00465 2200193 4500001002100000008004100021035002000062245002600082250001700108260003300125300002000158020002200178084001700200082001100217650001900228990000800247990000800255990000800263INLIS000000000000191 ind  a0010-0425000191 aEtika Bermedia Sosial aCetakan ke-3 aDepok :bCV Arya Duta,c2020 a72 hlm.c25 cm. a978-979-094-401-5 a170.44 MAY e a170.44 aMaya Rohmayati a255 a256 a257